00686nam a2200229 a 450000100060000000300080000600500170001400800410003103500190007204000530009104100080014408200240015210000170017624500730019326000390026630000270030549000240033250000190035665000260037565000310040183000240043272172BD-RjUL20211209082224.0170514s1913 enk 000 0 eng d a(BD-RjUL)72388 aColumbia University LibrariescIACdBD-RjULbeng aeng 223a546.3bWRO 19131 aWren, Henry.14aThe organometallic compounds of zinc and magnesium /cby Henry Wren. aLondon :bGurney & Jackson,c1913. aviii, 100 p. ;c19 cm.1 aChemical monographs aIncludes index 0aOrganozinc compounds. 0aOrganomagnesium compounds. 0aChemical monographs